Central Library OPAC University of Rajshahi

শেফালী / (Record no. 48255)

MARC details
000 -LEADER
fixed length control field 00887nam a2200253 a 4500
001 - CONTROL NUMBER
control field 48255
003 - CONTROL NUMBER IDENTIFIER
rucl marc code BD-RjUL
005 - DATE AND TIME OF LATEST TRANSACTION
control field 20211209054504.0
008 - FIXED-LENGTH DATA ELEMENTS--GENERAL INFORMATION
fixed length control field 160813b xxu||||| |||| 00| 0 eng d
020 ## - INTERNATIONAL STANDARD BOOK NUMBER
International Standard Book Number 8175222425(V.50)
Terms of availability 817522021X(set)
035 ## - SYSTEM CONTROL NUMBER
System control number (BD-RjUL)
040 ## - CATALOGING SOURCE
Original cataloging agency BD-RjUL
Language of cataloging ben
Transcribing agency BD-RjUL
041 ## - LANGUAGE CODE
Language code of text/sound track or separate title ben
082 ## - DEWEY DECIMAL CLASSIFICATION NUMBER
Edition number 23
Classification number 781.1
Author mark and year TAS 2006
100 1# - MAIN ENTRY--PERSONAL NAME
Personal name ঠাকুর, রবীন্দ্রনাথ
9 (RLIN) 145031
245 10 - TITLE STATEMENT
Title শেফালী /
Statement of responsibility, etc. রাবীন্দ্রনাথ ঠাকুর
260 ## - PUBLICATION, DISTRIBUTION, ETC. (IMPRINT)
Place of publication, distribution, etc. কলকাতা :
Name of publisher, distributor, etc. বিশ্বভারতী গ্রন্থবিভগ :
Date of publication, distribution, etc. 2006
300 ## - PHYSICAL DESCRIPTION
Pagination ১০৮ পৃ ;
Size ২৪ সেমি.
490 ## - SERIES STATEMENT
Series statement স্বরবিতান ৫০
650 ## - SUBJECT ADDED ENTRY--TOPICAL TERM
Topical term or geographic name as entry element সঙ্গগীত নীতিমালা
9 (RLIN) 147235
Topical term or geographic name as entry element Basic principle of Music
9 (RLIN) 147236
942 ## - ADDED ENTRY ELEMENTS (KOHA)
Source of classification or shelving scheme Dewey Decimal Classification
Koha item type Books
Holdings
Lost status Source of classification or shelving scheme Damaged status Not for loan Collection code Permanent Location Current Location Shelving location Date acquired Source of acquisition Cost, normal purchase price Total Checkouts Full call number Date last seen Copy number Koha item type
  Dewey Decimal Classification     Non-fiction Central Library, University of Rajshahi Central Library, University of Rajshahi   30/05/2011 Paragon Enterprise Lit., Dhaka 3451.00   B 781.1 TAS 2006 13/08/2016 C-2 Books